¡Qué joven sigue Claudia! / (Record no. 65045)

MARC details
000 -LEADER
campo de control de longitud fija 00535nam a2200169 i 4500
001 - NÚMERO DE CONTROL
campo de control 65045
003 - IDENTIFICADOR DE NÚMERO DE CONTROL
campo de control ES-MaACL
005 - FECHA Y HORA DE LA ÚLTIMA TRANSACCIÓN
campo de control 20230906165303.0
007 - CAMPO FIJO DE DESCRIPCIÓN FÍSICA--INFORMACIÓN GENERAL
campo de control de longitud fija t|
008 - DATOS DE LONGITUD FIJA--INFORMACIÓN GENERAL
campo de control de longitud fija 040108q19401949sp ||||1| spa d
100 1# - ENTRADA PRINCIPAL--NOMBRE DE PERSONA
Nombre de persona Franken, Rose.
9 (RLIN) 52325
245 10 - MENCIÓN DEL TÍTULO
Título ¡Qué joven sigue Claudia! /
Mención de responsabilidad, etc. por Rose Franken ; versión castellana Fernando de Diego de la Rosa.
260 ## - PUBLICACIÓN, DISTRIBUCIÓN, ETC.
Lugar de publicación, distribución, etc. Madrid :
Nombre del editor, distribuidor, etc. La Nave,
Fecha de publicación, distribución, etc. [194-?] (
Fabricante Rollán)
300 ## - DESCRIPCIÓN FÍSICA
Extensión 353 p. ;
Dimensiones 15 cm.
700 1# - ENTRADA AGREGADA--NOMBRE PERSONAL
Nombre de persona Diego de la Rosa, Fernando de.
9 (RLIN) 44560
852 ## - LOCALIZACIÓN
Ubicación ES-MaACL
Número de control de estantería D-5765
Sublocalización o colección R.26427
Holdings
Estatus retirado Estado de pérdida Estado de daño No para préstamo Biblioteca de origen Biblioteca actual Ubicación en estantería Fecha de adquisición Fuente de adquisición Total de préstamos Signatura topográfica completa Código de barras Visto por última vez Precio de reemplazo Tipo de ítem Koha
        Biblioteca del Ateneo de Madrid Biblioteca del Ateneo de Madrid Sala Valle Inclán 17/01/2008     D-5765 901068150 23/02/2023 23/02/2023 Libro impreso